| 000 | 01475nam a22002537a 4500 | ||
|---|---|---|---|
| 003 | OSt | ||
| 005 | 20250702102823.0 | ||
| 008 | 210114s2005 ck ||||gr|||| 00| 0 spa d | ||
| 020 | _a9587100204 | ||
| 040 |
_aCO-JMCR _cCO-JMCR |
||
| 041 | 0 | _aspa | |
| 082 | 0 | 4 |
_aA-P _bROJa _223 |
| 100 | 1 |
_aRojas Herazo, Héctor, _eautor _912853 |
|
| 245 | 1 |
_aAntología / _cHéctor Rojas Herazo |
|
| 250 | _aPrimera edición | ||
| 260 |
_aBogotá : _bUniversidad Externad de Colombia, _c2005 |
||
| 300 |
_a70 páginas ; _c15 cm. |
||
| 490 |
_aUn libro por centavo ; _v16 |
||
| 500 | _aDatos biográficos del autor página 70. | ||
| 505 | _aLímite y resplandor -- La casa entre los robles -- El extraño -- Canción -- Verano -- Recado para un transeúnte -- Creatura encendida -- Primera afirmación corporal -- Clamor -- Encuentro un memorial en mis costillas -- La pie de un cascabel crecen dos ojos -- Cantilena del desterrado -- La reina -- Espina para clavar en tus sienes -- Jaculatoria corporal -- Atónito suspenso -- Súplica de amor -- Un hombre al lado del camino -- El deseo -- Los pescadores -- Responso por la muerte de un burócrata -- Epitafio a los dos adolescentes -- Confianza en Dios -- Menester -- El amigo -- Otra vez el amigo -- Contando con los dedos --Anciano ante el espejo -- Inventario a contra luz -- Poema de la profunda despedida -- Sentencia | ||
| 650 | 2 | 4 |
_aPoesía colombiana _912854 |
| 650 | 2 | 4 |
_aAntología poética _912855 |
| 942 |
_2ddc _cBK |
||
| 999 |
_c7060 _d7060 |
||